| 000 | 00397nam a2200145 i 4500 | ||
|---|---|---|---|
| 001 | bg | ||
| 100 | 1 | _aŁYSOŃ, Juliusz | |
| 245 | 0 |
_aOgólnopolska ewidencja systemów przetwarzania danych / _cJuliusz Łysoń, Stanisław Zadrożny. |
|
| 260 |
_aWarszawa, _c1976. |
||
| 700 | 1 | _aZADROŻNY, Stanisław | |
| 040 | _cBPK | ||
| 041 | _apol | ||
| 942 | _cKS | ||
| 008 | s pl f |000 0 pol | ||
| 999 |
_c9654 _d9654 |
||
| 856 |
_uhttp://koha.tu.koszalin.pl/cgi-bin/koha/opac-detail.pl?biblionumber=9654 _yKatalog online BPK |
||